| 000 | 00378nam a22001337a 4500 | ||
|---|---|---|---|
| 003 | SGT | ||
| 082 |
_a617.63 _bE18S |
||
| 100 | _aSINGH, SHALINEE | ||
| 245 | _aEVALUATION OF GENOTOXIC EFFECTS OF X RAYS ON BUCCAL MUCOSA POST PANORAMIC DIGITAL RADIOGRAPHY | ||
| 260 |
_aDELHI NCR _bSGT UNIVERSITY GURUGRAM _c2018 |
||
| 300 | _a1-80 | ||
| 650 | _aORAL MEDICINE | ||
| 942 |
_2ddc _cTH |
||
| 999 |
_c16007 _d16007 |
||